Total Drama Character Quiz - Statistics

General Stats
  • This quiz has been taken 564 times
    561 since last reset
  • The average score is 55 of 95
Answer Stats
Hint Answer % Correct
Host Of Total Drama Chris McLean
99%
Label: The Strong, Silent Genius B
93%
Psychotic Sidekick Of ^ Chef Hatchet
90%
Label: The Funniest Guy Around Geoff
85%
Label: The Queen Bee Heather
83%
Label: The Delinquent Duncan
82%
Label: The Surfer Girl Bridgette
80%
Label: The Dumb Princess Lindsay
80%
Label: The Type-A Courtney
79%
Label: The Party Guy Owen
79%
Label: The Home-Schooled Guy Ezekiel
78%
Label: The Loner Gwen
78%
Label: The Dweeb Harold
78%
Label: The Brickhouse With Heart DJ
77%
Label: The Female Bully Eva
77%
Label: The Psycho Hose Beast Izzy
77%
Label: The Sweet Girl Katie
76%
Label: The Sista With ‘Tude LeShawna
76%
Label: The Schemer Noah
75%
Label: The Sweet Girl’s Friend Sadie
75%
Label: The Jock Tyler
75%
Label: The Wannabe Beth
74%
Label: The Geek Cody
74%
Label: The Take-No-Prisoners Machine Jo
74%
Label: The Eye Candy Justin
73%
Label: The Archvillain Alejandro
72%
Label: The Obsessive Uberfan Sierra
72%
Label: The Cool Guy Trent
72%
Label: The MPD Mike
71%
Host Of The Ridonculous Race Don
70%
Label: The Nice-Guy Gamer Sam
69%
Female Host Of Celebrity Manhunt Blaineley
68%
Label: The Indie Chick Zoey
67%
Label: The Devious Scott
66%
Label: The Wide-Eyed Bubble Boy Cameron
65%
Label: The Moonchild Dawn
65%
Label: The Evil Twin Amy
64%
Label: The Cadet Brick
64%
Label: The Fame-Monger Dakota
63%
Label: The Good Twin Samey
62%
Label: The Fairy Tale Princess Ella
60%
Label: The Australian Outback Girl Jasmine
60%
Label: The Athletic Overachiever Lightning
60%
Label: The Zombie-Conspiracy Nut Shawn
60%
Label: The Pageant Queen Sugar
60%
Label: The Wannabe Chris Topher
59%
The MPD’s Evil Persona Mal
57%
Label: The Supervillian Max
57%
Label: The Jersey Shore Reject Anne Maria
55%
Label: The Normal Guy Dave
55%
Label: The Athlete Sky
55%
Team: The Sisters Emma
54%
Label: The Quiet Brainiac Scarlett
53%
Label: The LARPer Leonard
52%
Coconut With A Face Mr. Coconut
51%
Label: The Country Boy Rodney
51%
Label: The Human Soundboard Beardo
50%
Team: The Sisters Kitty
50%
Label: The Compulsive Liar Staci
50%
Team: Surfer Dudes Brody
48%
The MPD’s Old Man Persona Chester
48%
The MPD’s Olympic Athlete Persona Svetlana
48%
Team: The Goths Crimson
47%
Team: The Goths Ennui
47%
Team: Father & Son Junior
46%
The MPD’s Tough Guy Persona Vito
46%
Male Host Of Celebrity Manhunt Josh
44%
Team: Police Cadets MacArthur
44%
Team: Mom & Daughter Taylor
43%
Team: The Daters/Haters Ryan
42%
Team: Police Cadets Sanders
42%
Team: Fashion Bloggers Tom
42%
Team: Best Friends Devin
41%
Team: Father & Son Dwayne
41%
Mutated Shark Fang
41%
Team: Ice Dancers Josee
41%
The MPD’s Australian Survivalist Persona Manitoba Smith
41%
Team: The Daters/Haters Stephanie
41%
Team: Best Friends Carrie
40%
Team: Mom & Daughter Kelly
40%
Team: Adversity Twins Mickey
40%
Team: The Rockers Spud
40%
Team: Stepbrothers Chet
39%
Team: Adversity Twins Jay
39%
Team: Fashion Bloggers Jen
39%
Team: The Rockers Rock
38%
Team: Ice Dancers Jacques
37%
Team: Stepbrothers Lorenzo
37%
Team: Geniuses Mary
36%
Team: LARPers Tammy
36%
Team: Tennis Rivals Gerry
34%
Team: Tennis Rivals Pete
34%
Team: Geniuses Ellody
33%
Team: Vegans Laurie
32%
Team: Vegans Miles
32%
No matching quizzes found
Score Distribution
Percent of People with Each Score
Percentile by Number Answered
Your Score History
You have not taken this quiz since the last reset